000
00342pab a2200145 454500
008
180718b1988 xxu||||| |||| 00| 0 eng d
100
_a
Moene, Karl O.
245
_a
Unions threats and wage determination
260
_c
1988
300
_a
471-83
362
_a
Jun.
650
_a
Labour Unions
773
_a
Economic Journal
909
_a
11974
999
_c
11974
_d
11974